| 000 | 01071nam0a22003131 4500 | ||
|---|---|---|---|
| 001 | v19\rc\1387526 | ||
| 005 | 20250618092743.0 | ||
| 035 | _a(NLR Aleph) 004520945 | ||
| 090 |
_a4865877 _c4865877 |
||
| 100 | _a20060512d1870 |||y0rusy50 ca | ||
| 101 | 0 | _arus | |
| 102 | _aRU | ||
| 105 | _ay z ||||| | ||
| 200 | 1 |
_aОб императорском народном музеуме _f[К.В. Небольсин] |
|
| 210 |
_a[Санкт-Петербург] _cтип. Гогенфельдена и К° _dценз. 1870 |
||
| 215 |
_a9 с. _d28 |
||
| 300 | _aАвт. указан в конце текста | ||
| 309 | _aБез тит. л. и обл. | ||
| 700 | 1 |
_aНебольсин _bК.В. _f1825-1895 _gКонстантин Васильевич |
|
| 712 | 0 | 2 | _aИмператорский народный музей |
| 801 | 0 |
_aRU _bNLR _gpsbo |
|
| 801 | 0 |
_aRU _bRuMoRGB _2psbo |
|
| 801 | 1 |
_aRU _bProSoft-M _2rusmarc |
|
| 852 |
_aNLR _j18.116.2.39 |
||
| 899 |
_aRuMoRGB _jF 100/15 |
||
| 899 |
_aRuMoRGB _jF 46/104 |
||
| 899 | _aНБ МГУ | ||
| 942 | _cBOOK | ||
| 980 | _aNB | ||